Manual de las cooperativas de pescadores
Guardat en:
| Autor corporatiu: | , |
|---|---|
| Format: | Llibre |
| Idioma: | espanyol |
| Publicat: |
Roma
FAO
1972
|
| Col·lecció: | Estudios sobre pesca
|
| Matèries: | |
| Etiquetes: |
Afegir etiqueta
Sense etiquetes, Sigues el primer a etiquetar aquest registre!
|
MARC
| LEADER | 00000nam a2200000 a 4500 | ||
|---|---|---|---|
| 001 | UCR6313 | ||
| 003 | CL-VaPUC | ||
| 008 | 980423e19720000IT |||||||||||||||||spa|d | ||
| 082 | 0 | 4 | |a 639.2 |b FAO |2 21 |
| 110 | 2 | |a FAO |e author |9 407443 | |
| 710 | 2 | |a Organización de las Naciones Unidas para la Alimentacion y la Agricultura |e author |9 407444 | |
| 245 | 1 | 0 | |a Manual de las cooperativas de pescadores |
| 300 | |a 147 p | ||
| 942 | |c BK | ||
| 945 | |d 19980423 00:00:00 |a crobeson | ||
| 260 | |a Roma |b FAO |c 1972 | ||
| 600 | 0 | 7 | |a FAO |2 CL-VaPUC |9 407443 |
| 650 | 7 | |a PESCA COMERCIAL |2 CL-VaPUC |9 407445 | |
| 650 | 0 | |a Pesca |9 258707 | |
| 650 | 7 | |a PESCADORES |2 CL-VaPUC |9 262015 | |
| 650 | 0 | |a Cooperativas |9 319869 | |
| 650 | 0 | |a Manuales |9 257144 | |
| 583 | |a last modification |c 19980423 00:00:00 |k Rodrigo Vera | ||
| 490 | 0 | |a Estudios sobre pesca | |
| 999 | |c 268519 |d 268517 | ||
| 952 | |0 0 |1 0 |4 0 |6 639_200000000000000_FAO_1972 |7 0 |8 CCM |9 301705 |a BIBCUR |b BIBCUR |d 2019-11-20 |i 1988999 |o 639.2 FAO 1972 |p 1988999 |r 2025-04-22 |w 2019-11-20 |y BK |k CIM | ||